[Event "WYCC U16 Girls 2019"]
[Site "Mumbai"]
[Date "2019.10.03"]
[Round "3.1"]
[White "Garifullina, Leya"]
[Black "Bommini Mounika Akshaya"]
[Result "1-0"]
[WhiteElo "2330"]
[BlackElo "2017"]
[Annotator "TA"]
[PlyCount "77"]
[EventDate "2019.10.02"]
[EventType "swiss"]
[EventCountry "IND"]
[SourceTitle "playchess.com"]
[Source "ChessBase"]
[SourceQuality "1"]
[WhiteTeam "Russia"]
[BlackTeam "India"]
[WhiteTeamCountry "RUS"]
[BlackTeamCountry "IND"]

{[%evp 11,77,64,61,57,52,29,35,31,27,22,35,10,41,-41,0,0,-2,-18,31,12,21,22,125,119,172,108,133,124,130,66,81,34,141,129,120,34,230,101,164,77,138,122,128,38,32,26,118,138,119,119,148,132,221,198,466,453,618,606,1294,1227,1013,289,284,289,283,269,1654,910]} 1. e4 Nc6 2. Nf3 d6 3. d4 Nf6 4. Nc3 Bg4 5. Be3 e5 6. d5 Ne7 7. h3 {B00: Queen's Fianchetto Defence, Nimzowitsch Defence} Bd7 8. g4 (8. Nd2 Ng6 9. Nc4 Be7 10. a4 O-O 11. g3 c6 12. Bg2 cxd5 13. exd5 Ne8 14. Qd3 f5 {1-0 (32) Lu,S (2628)-Eid,F (2338) Ashkhabad 2017}) 8... h6 9. Qd2 {White is slightly better.} Ng6 10. O-O-O Be7 11. Bd3 c5 12. Rdg1 $146 (12. dxc6 $14 bxc6 13. Kb1) ({Predecessor:} 12. dxc6 bxc6 13. Bc4 Be6 14. Bb3 Bxb3 15. axb3 {0-1 (44) Casella,M (2289)-Taylor,T (2337) Los Angeles 2007}) 12... a6 13. g5 hxg5 14. Nxg5 Qc8 15. f4 {Strongly threatening Nxf7!} exf4 16. Bxf4 Nh5 (16... c4 $11 17. Be2 b5) 17. Bh2 $16 Rh6 (17... b5 $16) 18. Nf3 (18. Rf1 $18 Nf6 19. e5 Nxe5 20. Bxe5 dxe5 21. d6 $1 {[%mdl 512]}) 18... c4 19. Be2 Qc7 20. Nd4 (20. e5 $1 $16) 20... O-O-O 21. Bg4 {Threatens to win with Nf5.} Ne5 ({Black should try} 21... Kb8 $14) 22. Bxd7+ Qxd7 {[#]} 23. Qe2 ({Better is} 23. Rxg7 $1 $16 {[%mdl 512]} Rhh8 (23... Nxg7 24. Qxh6) 24. Rgg1) 23... b5 $2 (23... Bf6 $14) 24. Nf5 (24. Kb1 $18) 24... Rh7 {[#]} (24... Rhh8 $16) 25. Qe3 (25. a4 $1 $18 {[%mdl 512] is more deadly.}) 25... g6 (25... Qc7 $142) 26. Nxe7+ Qxe7 27. Ne2 (27. Bxe5 $16 dxe5 28. d6 (28. Qb6 Qd6 $11)) 27... Nf6 $14 28. Bf4 $36 {[%mdl 2048] Threatening Bg5. White has good play.} Qc7 (28... Nh5 $11 {keeps the balance.}) 29. Bg5 $16 Nfd7 30. Bxd8 Kxd8 31. h4 Nf6 (31... Qc5 $16 32. Nd4 b4) 32. Nd4 Qe7 $2 (32... Ke8 33. Rf1 Nfg4) 33. Qa3 $18 Nxe4 34. Qxa6 Nf2 35. Nc6+ Nxc6 36. Qb6+ $2 ({Less strong is} 36. Qxc6 Nxh1 37. Qa8+ (37. Rxh1 Qe5 $14) 37... Kd7 $18) (36. dxc6 {White wants to mate with Qa8+.} d5 37. Qb6+ Qc7 38. Qxf2 Qxc6 39. Qa7) 36... Qc7 37. Qxf2 Ne5 {[#]} 38. h5 $1 gxh5 $2 (38... Kc8 39. hxg6 Rxh1 40. Rxh1 Nxg6) 39. Qf6+ {Accuracy: White = 38%, Black = 27%.} 1-0

[Event "WYCC U16 Girls 2019"]
[Site "Mumbai"]
[Date "2019.10.03"]
[Round "3.2"]
[White "Juhasz, Judit"]
[Black "Nurgali, Nazerke"]
[Result "0-1"]
[WhiteElo "2004"]
[BlackElo "2194"]
[Annotator "NA"]
[PlyCount "104"]
[EventDate "2019.10.02"]
[EventType "swiss"]
[EventCountry "IND"]
[SourceTitle "playchess.com"]
[Source "ChessBase"]
[SourceQuality "1"]
[WhiteTeam "Hungary"]
[BlackTeam "Kazakhstan"]
[WhiteTeamCountry "HUN"]
[BlackTeamCountry "KAZ"]
[TimeControl "40/5400+30:1800+30"]

1. e4 {[%emt 0:00:00]} c6 {[%emt 0:00:00]} 2. d4 {[%emt 0:00:00]} d5 {[%emt 0:00:00]} 3. e5 {[%emt 0:00:00]} Bf5 {[%emt 0:00:22]} 4. h4 {[%emt 0:00:02]} h5 {[%emt 0:00:35]} 5. Bd3 {[%emt 0:00:16]} Bxd3 {[%emt 0:00:44]} 6. Qxd3 {[%emt 0:00:08]} e6 {[%emt 0:00:11]} 7. Bg5 {[%emt 0:00:32]} Be7 {[%emt 0:01:20]} 8. Nf3 {[%emt 0:00:44]} Qa5+ {[%emt 0:01:36]} 9. Nbd2 {[%emt 0:00:43]} Qa6 {[%emt 0:01:25]} 10. c4 {[%emt 0:01:08]} Nd7 {[%emt 0:01:26]} 11. O-O {[%emt 0:02:10]} Bxg5 {[%emt 0:02:54]} 12. hxg5 {[%emt 0:01:28]} g6 {[%emt 0:02:58]} 13. Nh4 {[%emt 0:03:55]} Ne7 {[%emt 0:00:28]} 14. Rfc1 {[%emt 0:01:45]} O-O {[%emt 0:04:50]} 15. b4 {[%emt 0:04:39]} dxc4 {[%emt 0:05:54]} 16. Nxc4 {[%emt 0:01:21]} Nb6 {[%emt 0:00:20]} 17. Qb3 {[%emt 0:06:19]} Nxc4 {[%emt 0:00:30]} 18. Rxc4 {[%emt 0:00:17]} Rad8 {[%emt 0:00:51]} 19. Rd1 {[%emt 0:00:50]} Rd7 {[%emt 0:01:11]} 20. Rc2 {[%emt 0:04:38]} Rfd8 {[%emt 0:03:04]} 21. Rcd2 {[%emt 0:02:44]} Qb6 {[%emt 0:00:33]} 22. Qc4 {[%emt 0:01:02]} Qb5 {[%emt 0:03:01]} 23. Qb3 {[%emt 0:04:13]} Nd5 {[%emt 0:03:47]} 24. Rb2 {[%emt 0:03:32]} Nb6 {[%emt 0:03:40]} 25. Nf3 {[%emt 0:02:09]} Qd5 {[%emt 0:02:28]} 26. Qd3 {[%emt 0:03:10]} Nc4 {[%emt 0:04:14]} 27. Re2 {[%emt 0:01:44]} Qb5 {[%emt 0:00:44]} 28. Rc1 {[%emt 0:02:52]} Nd6 {[%emt 0:01:55]} 29. Qd2 {[%emt 0:01:36]} Nc4 {[%emt 0:06:17]} 30. Qd3 {[%emt 0:03:05]} Nb6 {[%emt 0:01:25]} 31. Qd2 {[%emt 0:01:57]} Nd5 {[%emt 0:00:31]} 32. a3 {[%emt 0:00:59]} Qa6 {[%emt 0:00:34]} 33. Qb2 {[%emt 0:03:28]} Nb6 {[%emt 0:05:15]} 34. Rec2 {[%emt 0:02:08]} Qd3 {[%emt 0:00:45]} 35. Rc3 {[%emt 0:03:57]} Qf5 {[%emt 0:03:49]} 36. Qd2 {[%emt 0:04:14]} Nd5 {[%emt 0:01:08]} 37. Rb3 {[%emt 0:01:10]} Nf4 {[%emt 0:05:21]} 38. g3 {[%emt 0:01:38]} Rxd4 {[%emt 0:05:39]} 39. Nxd4 {[%emt 0:00:38]} Rxd4 {[%emt 0:00:03]} 40. Qc2 {[%emt 0:01:38]} Qxg5 {[%emt 0:02:09]} 41. Re1 {[%emt 0:31:19]} Rd2 {[%emt 0:31:20]} 42. Qc4 {[%emt 0:03:59]} Nh3+ {[%emt 0:00:22]} 43. Kg2 {[%emt 0:00:07]} Nxf2 {[%emt 0:02:18]} 44. Re2 {[%emt 0:00:53]} Ng4 {[%emt 0:01:10]} 45. Qe4 {[%emt 0:01:46]} Rxe2+ {[%emt 0:05:13]} 46. Qxe2 {[%emt 0:00:05]} Qxe5 {[%emt 0:00:11]} 47. Qxe5 {[%emt 0:00:48]} Nxe5 {[%emt 0:00:04]} 48. Re3 {[%emt 0:00:20]} f6 {[%emt 0:00:09]} 49. a4 {[%emt 0:00:13]} Kf7 {[%emt 0:00:22]} 50. b5 {[%emt 0:00:14]} Ke7 {[%emt 0:01:50]} 51. bxc6 {[%emt 0:00:20]} Nxc6 {[%emt 0:00:04]} 52. Rd3 {[%emt 0:00:23]} e5 {[%emt 0:00:31]} 0-1

[Event "WYCC U16 Girls 2019"]
[Site "Mumbai"]
[Date "2019.10.03"]
[Round "3.3"]
[White "Lakshmi C"]
[Black "Srdanovic, Jovana"]
[Result "1-0"]
[WhiteElo "1859"]
[BlackElo "2100"]
[Annotator "NA"]
[PlyCount "85"]
[EventDate "2019.10.02"]
[EventType "swiss"]
[EventCountry "IND"]
[SourceTitle "playchess.com"]
[Source "ChessBase"]
[SourceQuality "1"]
[WhiteTeam "India"]
[BlackTeam "Serbia"]
[WhiteTeamCountry "IND"]
[BlackTeamCountry "SRB"]
[TimeControl "40/5400+30:1800+30"]

1. e4 c5 2. Nf3 e6 3. d4 cxd4 4. Nxd4 Nc6 5. Nc3 d6 6. Be2 Nf6 7. O-O Be7 8. Be3 O-O 9. f4 a6 10. a4 Qc7 11. Nb3 b6 12. Bf3 Bb7 13. Qe2 Rac8 14. g4 Rfe8 15. g5 Nd7 16. Qg2 Bf8 17. f5 Nce5 18. f6 b5 19. axb5 axb5 20. Nd4 b4 21. Ncb5 Nxf3+ 22. Qxf3 Ne5 23. Qg2 Qd7 24. Bd2 d5 25. fxg7 Bc5 26. Bf4 Ng6 27. Be3 Bc6 28. Ra7 Bxa7 29. Nxa7 Rc7 30. Ndxc6 d4 31. Bxd4 Rxa7 32. Nxa7 Qxd4+ 33. Qf2 Qd7 34. Nc6 Kxg7 35. Nxb4 Re7 36. Nd3 Qb5 37. h4 Kg8 38. Qg3 Qb6+ 39. Kh2 Rc7 40. Rf2 Rc4 41. h5 Nf8 42. Ne5 Rc7 43. Ng4 1-0

[Event "WYCC U16 Girls 2019"]
[Site "Mumbai"]
[Date "2019.10.03"]
[Round "3.4"]
[White "Salonika, Saina"]
[Black "Nanditha V"]
[Result "1-0"]
[WhiteElo "2051"]
[BlackElo "1800"]
[Annotator "NA"]
[PlyCount "75"]
[EventDate "2019.10.02"]
[EventType "swiss"]
[EventCountry "IND"]
[SourceTitle "playchess.com"]
[Source "ChessBase"]
[SourceQuality "1"]
[WhiteTeam "India"]
[BlackTeam "India"]
[WhiteTeamCountry "IND"]
[BlackTeamCountry "IND"]
[TimeControl "40/5400+30:1800+30"]

1. e4 c5 2. Nc3 d6 3. f4 Nc6 4. Nf3 e6 5. Bb5 Bd7 6. O-O a6 7. Bxc6 Bxc6 8. d3 Nf6 9. Qe1 b5 10. e5 b4 11. exf6 bxc3 12. fxg7 Bxg7 13. bxc3 Qf6 14. Bd2 O-O 15. Nh4 h6 16. f5 e5 17. g4 Kh7 18. Qg3 Rg8 19. Kf2 Bf8 20. Ng2 Be7 21. h3 Qxf5+ 22. gxf5 Rxg3 23. Kxg3 Rg8+ 24. Kf2 Rxg2+ 25. Ke1 Bh4+ 26. Kd1 Bf3+ 27. Kc1 Be2 28. Rh1 Bf3 29. c4 e4 30. dxe4 Bxe4 31. Rf1 Bf2 32. Rb1 Bxf5 33. Rb6 Bxh3 34. Rxd6 Be3 35. Rh1 Rg1+ 36. Rxg1 Bxg1 37. Rxa6 h5 38. Be1 1-0

[Event "WYCC U16 Girls 2019"]
[Site "Mumbai"]
[Date "2019.10.03"]
[Round "3.5"]
[White "Skaslien, Ingrid"]
[Black "Beydullayeva, Govhar"]
[Result "0-1"]
[WhiteElo "1875"]
[BlackElo "2289"]
[Annotator "NA"]
[PlyCount "62"]
[EventDate "2019.10.02"]
[EventType "swiss"]
[EventCountry "IND"]
[SourceTitle "playchess.com"]
[Source "ChessBase"]
[SourceQuality "1"]
[WhiteTeam "Norway"]
[BlackTeam "Azerbaijan"]
[WhiteTeamCountry "NOR"]
[BlackTeamCountry "AZE"]
[TimeControl "40/5400+30:1800+30"]

1. d4 {[%emt 0:00:00]} Nf6 {[%emt 0:01:14]} 2. c4 {[%emt 0:00:00]} e6 {[%emt 0:00:05]} 3. Nc3 {[%emt 0:00:11]} Bb4 {[%emt 0:00:03]} 4. e3 {[%emt 0:00:25]} O-O {[%emt 0:00:30]} 5. Bd3 {[%emt 0:00:17]} d5 {[%emt 0:00:18]} 6. cxd5 {[%emt 0:00:58]} exd5 {[%emt 0:02:30]} 7. Nge2 {[%emt 0:02:11]} Re8 {[%emt 0:02:42]} 8. Bd2 {[%emt 0:02:24]} c6 {[%emt 0:02:17]} 9. O-O {[%emt 0:03:22]} Bd6 {[%emt 0:03:27]} 10. Qc2 {[%emt 0:04:20]} Nbd7 {[%emt 0:06:31]} 11. Rac1 {[%emt 0:09:36]} Nf8 {[%emt 0:07:12]} 12. Nf4 {[%emt 0:18:46]} Bd7 {[%emt 0:05:30]} 13. f3 {[%emt 0:08:12]} Rc8 {[%emt 0:18:04]} 14. Qb1 {[%emt 0:04:20]} Bxf4 {[%emt 0:03:57]} 15. exf4 {[%emt 0:00:09]} Qb6 {[%emt 0:00:08]} 16. Be1 {[%emt 0:04:18]} Qxd4+ {[%emt 0:02:27]} 17. Bf2 {[%emt 0:00:13]} Qxf4 {[%emt 0:00:13]} 18. Bxa7 {[%emt 0:01:11]} c5 {[%emt 0:03:51]} 19. Kh1 {[%emt 0:08:50]} Ne6 {[%emt 0:06:20]} 20. b3 {[%emt 0:07:27]} Qb4 {[%emt 0:04:37]} 21. Na4 {[%emt 0:05:51]} Bxa4 {[%emt 0:18:02]} 22. bxa4 {[%emt 0:00:12]} Qd2 {[%emt 0:05:31]} 23. Bf5 {[%emt 0:02:25]} c4 {[%emt 0:01:17]} 24. Bf2 {[%emt 0:07:40]} Qa5 {[%emt 0:02:45]} 25. Rfe1 {[%emt 0:06:42]} Qa6 {[%emt 0:02:13]} 26. Qb4 Ra8 {[%emt 0:00:18]} 27. Bc2 {[%emt 0:02:37]} d4 {[%emt 0:00:43]} 28. Bf5 {[%emt 0:00:39]} Qxa4 {[%emt 0:00:41]} 29. Qxc4 {[%emt 0:00:31]} Qxc4 {[%emt 0:00:29]} 30. Rxc4 {[%emt 0:00:01]} Rxa2 {[%emt 0:00:14]} 31. Bxe6 {[%emt 0:00:41]} Rxf2 {[%emt 0:00:22]} 0-1

[Event "WYCC U16 Girls 2019"]
[Site "Mumbai"]
[Date "2019.10.03"]
[Round "3.6"]
[White "Mrudul Dehankar"]
[Black "Jarocka, Liwia"]
[Result "1/2-1/2"]
[WhiteElo "2227"]
[BlackElo "1899"]
[Annotator "NA"]
[PlyCount "127"]
[EventDate "2019.10.02"]
[EventType "swiss"]
[EventCountry "IND"]
[SourceTitle "playchess.com"]
[Source "ChessBase"]
[SourceQuality "1"]
[WhiteTeam "India"]
[BlackTeam "Poland"]
[WhiteTeamCountry "IND"]
[BlackTeamCountry "POL"]
[TimeControl "40/5400+30:1800+30"]

1. e4 {[%emt 0:00:00]} c5 {[%emt 0:00:00]} 2. Nf3 {[%emt 0:00:00]} Nc6 {[%emt 0:00:00]} 3. d4 {[%emt 0:00:00]} cxd4 {[%emt 0:00:00]} 4. Nxd4 {[%emt 0:00:00]} Nf6 {[%emt 0:00:00]} 5. Nc3 {[%emt 0:00:10]} d6 {[%emt 0:00:14]} 6. Bg5 {[%emt 0:00:56]} e6 {[%emt 0:00:14]} 7. Qd2 {[%emt 0:01:05]} a6 {[%emt 0:00:12]} 8. O-O-O {[%emt 0:01:25]} h6 {[%emt 0:00:14]} 9. Bf4 {[%emt 0:06:24]} Bd7 {[%emt 0:02:18]} 10. Nxc6 {[%emt 0:05:40]} Bxc6 {[%emt 0:00:09]} 11. f3 {[%emt 0:00:44]} d5 {[%emt 0:02:14]} 12. Qe1 {[%emt 0:08:15]} Bb4 {[%emt 0:12:25]} 13. a3 {[%emt 0:06:55]} Bxc3 {[%emt 0:02:00]} 14. Qxc3 {[%emt 0:00:08]} O-O {[%emt 0:00:39]} 15. Qe1 {[%emt 0:12:42]} Qe7 {[%emt 0:07:56]} 16. Bd3 {[%emt 0:13:50]} dxe4 {[%emt 0:10:12]} 17. fxe4 {[%emt 0:02:03]} e5 {[%emt 0:00:23]} 18. Bd2 {[%emt 0:02:00]} Rfd8 {[%emt 0:00:31]} 19. Rf1 {[%emt 0:08:28]} Rac8 {[%emt 0:21:19]} 20. Kb1 {[%emt 0:02:00]} Qe6 {[%emt 0:09:16]} 21. Rf3 {[%emt 0:10:11]} Nd7 {[%emt 0:08:27]} 22. Qe2 {[%emt 0:06:58]} b5 {[%emt 0:01:51]} 23. Rdf1 {[%emt 0:02:04]} Nc5 {[%emt 0:12:25]} 24. Rxf7 {[%emt 0:03:03]} Nxd3 25. cxd3 {[%emt 0:00:19]} b4 {[%emt 0:03:21]} 26. Bxb4 {[%emt 0:03:34]} Bb5 {[%emt 0:01:45]} 27. R7f3 {[%emt 0:00:19]} Qb3 {[%emt 0:01:13]} 28. Rd1 {[%emt 0:01:02]} Bc4 {[%emt 0:00:41]} 29. Bc3 {[%emt 0:02:17]} Be6 {[%emt 0:00:21]} 30. Kc1 {[%emt 0:01:47]} Bg4 {[%emt 0:02:38]} 31. Qd2 {[%emt 0:00:35]} Bxf3 {[%emt 0:00:38]} 32. gxf3 {[%emt 0:00:02]} Rc6 {[%emt 0:01:02]} 33. Qc2 {[%emt 0:01:01]} Qf7 {[%emt 0:00:30]} 34. Rf1 {[%emt 0:00:28]} Qf4+ {[%emt 0:00:14]} 35. Kb1 {[%emt 0:00:02]} Kh8 {[%emt 0:00:30]} 36. Qe2 {[%emt 0:00:58]} Rb8 {[%emt 0:00:29]} 37. Ka1 {[%emt 0:00:27]} Rb5 {[%emt 0:01:00]} 38. Rg1 {[%emt 0:00:34]} Qf8 {[%emt 0:00:08]} 39. Qd2 {[%emt 0:00:28]} Qxf3 {[%emt 0:00:25]} 40. d4 {[%emt 0:00:28]} Rd6 {[%emt 0:01:04]} 41. d5 {[%emt 0:04:52]} Qxe4 {[%emt 0:06:08]} 42. Qf2 {[%emt 0:03:11]} Rg6 {[%emt 0:01:29]} 43. Re1 {[%emt 0:01:28]} Qxd5 {[%emt 0:01:32]} 44. Bxe5 {[%emt 0:00:18]} Kh7 {[%emt 0:02:28]} 45. h4 {[%emt 0:03:15]} Qg2 {[%emt 0:06:17]} 46. Qf7 {[%emt 0:03:38]} Qd5 {[%emt 0:04:51]} 47. Qf2 {[%emt 0:03:08]} Qg2 {[%emt 0:00:56]} 48. Qf7 {[%emt 0:00:18]} Qg4 {[%emt 0:02:22]} 49. Bc3 {[%emt 0:01:52]} Qxh4 {[%emt 0:00:37]} 50. Rf1 {[%emt 0:08:30]} Rbg5 {[%emt 0:01:41]} 51. Bf6 {[%emt 0:00:59]} Rxf6 {[%emt 0:01:21]} 52. Rf3 Rff5 53. Rxf5 {[%emt 0:00:33]} Rg3 54. Rf6 Rg1+ {[%emt 0:02:00]} 55. Rf1 {[%emt 0:00:34]} Rxf1+ {[%emt 0:00:50] Qf6 Rf2 Qxf2 Qf6 Qe2 g6} 56. Ka2 {[%emt 0:01:30]} h5 {[%emt 0:00:17]} 57. b4 {[%emt 0:03:11] h4 Qe3 Qd6} Qe4 {[%emt 0:04:55] Qg3} 58. Qe7 {[%emt 0:01:46]} Kh6 {[%emt 0:00:07]} 59. Qf8 {[%emt 0:00:03]} Kg5 {[%emt 0:00:21]} 60. Qe7+ {[%emt 0:00:38]} Kf4 {[%emt 0:00:40]} 61. a4 {[%emt 0:00:46]} Qg2+ {[%emt 0:00:40]} 62. Kb3 {[%emt 0:00:29] h3 Qf6+ Ke3 Qe5+} Kf3 {[%emt 0:00:57] Qd5+ Kf2 Qd2+ Kg1} 63. Qe1 {[%emt 0:00:00] Kh2 b5 axb5 axb5 Qd5+ Kb4 Qd4+ Ka5 Qa7+ Kb4 Qd4+ Ka5 Kg2} Qe2 {[%emt 0:00:54] Kg3 Qe1+} 64. Qf2+ {[%emt 0:00:55] Qe5+ Kh4 Qe4+ Kh5} 1/2-1/2

[Event "WYCC U16 Girls 2019"]
[Site "Mumbai"]
[Date "2019.10.03"]
[Round "3.7"]
[White "Bulatova, Kamaliya"]
[Black "Savitha Shri B"]
[Result "1-0"]
[WhiteElo "2181"]
[BlackElo "1916"]
[Annotator "NA"]
[PlyCount "80"]
[EventDate "2019.10.02"]
[EventType "swiss"]
[EventCountry "IND"]
[SourceTitle "playchess.com"]
[Source "ChessBase"]
[SourceQuality "1"]
[WhiteTeam "Russia"]
[BlackTeam "India"]
[WhiteTeamCountry "RUS"]
[BlackTeamCountry "IND"]
[TimeControl "40/5400+30:1800+30"]

1. e4 {[%emt 0:00:00]} e6 {[%emt 0:00:00]} 2. d4 {[%emt 0:00:00]} d5 {[%emt 0:00:00]} 3. Nd2 {[%emt 0:00:00]} Nf6 {[%emt 0:00:10]} 4. e5 {[%emt 0:00:00]} Nfd7 {[%emt 0:00:22]} 5. Bd3 {[%emt 0:00:00]} c5 {[%emt 0:00:58]} 6. c3 {[%emt 0:00:03]} Nc6 {[%emt 0:00:41]} 7. Ne2 {[%emt 0:00:05]} cxd4 {[%emt 0:00:10]} 8. cxd4 {[%emt 0:00:03]} f6 {[%emt 0:00:52]} 9. exf6 {[%emt 0:00:03]} Nxf6 {[%emt 0:00:09]} 10. Nf3 {[%emt 0:00:05]} Bd6 {[%emt 0:00:31]} 11. O-O {[%emt 0:00:11]} O-O {[%emt 0:00:41]} 12. Bf4 {[%emt 0:00:32]} Bxf4 {[%emt 0:00:24]} 13. Nxf4 {[%emt 0:00:03]} Ne4 {[%emt 0:00:10]} 14. Qc1 {[%emt 0:00:39]} Qd6 {[%emt 0:08:58]} 15. Ne2 {[%emt 0:07:10]} e5 {[%emt 0:13:09]} 16. dxe5 {[%emt 0:01:16]} Nxe5 {[%emt 0:02:30]} 17. Nxe5 {[%emt 0:00:46]} Qxe5 {[%emt 0:01:11]} 18. Bxe4 {[%emt 0:11:08]} dxe4 {[%emt 0:01:14]} 19. Nc3 {[%emt 0:01:56]} Bd7 {[%emt 0:02:34]} 20. Qe3 {[%emt 0:01:30]} Bc6 {[%emt 0:01:49]} 21. f3 {[%emt 0:09:55]} Rae8 {[%emt 0:02:56]} 22. fxe4 {[%emt 0:01:14]} a6 {[%emt 0:03:26]} 23. Rae1 {[%emt 0:06:10]} b5 {[%emt 0:02:35]} 24. Qb6 {[%emt 0:06:08]} Rxf1+ {[%emt 0:06:42]} 25. Rxf1 {[%emt 0:00:10]} Bxe4 {[%emt 0:00:14]} 26. Re1 {[%emt 0:01:27]} Qf4 {[%emt 0:09:35]} 27. Nxe4 {[%emt 0:01:09]} Rxe4 {[%emt 0:04:29]} 28. Qd8+ {[%emt 0:00:16]} Kf7 {[%emt 0:03:21]} 29. Qd5+ {[%emt 0:00:11]} Kf8 {[%emt 0:00:52]} 30. Qxe4 {[%emt 0:00:09]} Qxe4 {[%emt 0:00:23]} 31. Rxe4 {[%emt 0:00:04]} Kf7 {[%emt 0:00:12]} 32. a4 {[%emt 0:00:05]} bxa4 {[%emt 0:00:12]} 33. Rxa4 {[%emt 0:00:03]} Kg6 {[%emt 0:00:15]} 34. Rxa6+ {[%emt 0:00:03]} Kh5 {[%emt 0:00:06]} 35. Ra7 {[%emt 0:00:19]} Kh4 {[%emt 0:00:52]} 36. Rxg7 {[%emt 0:00:14]} h5 {[%emt 0:00:06]} 37. Rh7 {[%emt 0:00:24]} Kg4 {[%emt 0:00:18]} 38. b4 {[%emt 0:00:07]} Kh4 {[%emt 0:00:28]} 39. b5 {[%emt 0:00:14]} Kg4 {[%emt 0:00:16]} 40. b6 {[%emt 0:00:17]} Kh4 {[%emt 0:00:12]} 1-0

[Event "WYCC U16 Girls 2019"]
[Site "Mumbai"]
[Date "2019.10.03"]
[Round "3.8"]
[White "Mahdian, Anousha"]
[Black "Zhang, Cindy"]
[Result "1-0"]
[WhiteElo "2103"]
[BlackElo "1808"]
[Annotator "NA"]
[PlyCount "87"]
[EventDate "2019.10.02"]
[EventType "swiss"]
[EventCountry "IND"]
[SourceTitle "playchess.com"]
[Source "ChessBase"]
[SourceQuality "1"]
[WhiteTeam "Iran"]
[BlackTeam "United States"]
[WhiteTeamCountry "IRI"]
[BlackTeamCountry "USA"]
[TimeControl "40/5400+30:1800+30"]

1. e4 c5 2. Nf3 Nc6 3. Bb5 g6 4. Bxc6 dxc6 5. d3 Bg7 6. h3 Nf6 7. O-O Nd7 8. Nc3 e5 9. Be3 b6 10. Qd2 h6 11. a4 a5 12. Nh2 g5 13. Ne2 Nf8 14. Ng3 Ng6 15. Nh5 O-O 16. Ng4 Nf4 17. Nxg7 Bxg4 18. Bxf4 gxf4 19. hxg4 Kxg7 20. Qe2 Ra7 21. g3 Qg5 22. Kg2 fxg3 23. fxg3 f6 24. Rf5 Qg6 25. Rh1 Rd7 26. b3 Rd6 27. Qf3 Rfd8 28. Rfh5 Rh8 29. R1h4 Rdd8 30. Rh3 Rd4 31. R3h4 Rdd8 32. Rf5 Rd6 33. Rh2 Rdd8 34. Rfh5 Rd4 35. Qf5 Rd6 36. R2h4 Kf7 37. Kf3 Kg7 38. Rh2 Kf7 39. Rh1 Kg7 40. R1h3 Kf7 41. g5 Qxf5+ 42. exf5 fxg5 43. Rxg5 b5 44. Rgh5 1-0

[Event "WYCC U16 Girls 2019"]
[Site "Mumbai"]
[Date "2019.10.03"]
[Round "3.9"]
[White "Ciolacu, Alessia-Mihaela"]
[Black "Bristy Mukherjee"]
[Result "0-1"]
[WhiteElo "2095"]
[BlackElo "1852"]
[Annotator "NA"]
[PlyCount "76"]
[EventDate "2019.10.02"]
[EventType "swiss"]
[EventCountry "IND"]
[SourceTitle "playchess.com"]
[Source "ChessBase"]
[SourceQuality "1"]
[WhiteTeam "Romania"]
[BlackTeam "India"]
[WhiteTeamCountry "ROU"]
[BlackTeamCountry "IND"]
[TimeControl "40/5400+30:1800+30"]

1. e4 c6 2. d4 d5 3. e5 c5 4. c3 cxd4 5. cxd4 Nc6 6. Be3 Bf5 7. Nc3 e6 8. Bd3 Bxd3 9. Qxd3 Nge7 10. Nge2 Nf5 11. O-O Be7 12. f4 O-O 13. Bf2 h5 14. b3 Rc8 15. a3 Na5 16. Na4 b6 17. Ng3 Nxg3 18. Bxg3 g6 19. Be1 Nc6 20. Bd2 b5 21. Nc5 Nxd4 22. b4 Nf5 23. Qxb5 Bxc5+ 24. bxc5 Qc7 25. Rfc1 Qc6 26. a4 d4 27. Rab1 Qe4 28. Re1 Qc2 29. Qb4 Rb8 30. Rbc1 Qa2 31. Ra1 Qd5 32. Qa3 d3 33. g3 Rb3 34. Qa2 Qd4+ 35. Kh1 Rb2 36. Qa3 Rxd2 37. Rf1 Qe4+ 38. Kg1 Qg2# 0-1

[Event "WYCC U16 Girls 2019"]
[Site "Mumbai"]
[Date "2019.10.03"]
[Round "3.10"]
[White "Dahampriya, H K T Dewnethmie"]
[Black "Zhang, Xiao"]
[Result "1/2-1/2"]
[WhiteElo "1629"]
[BlackElo "2053"]
[Annotator "NA"]
[PlyCount "69"]
[EventDate "2019.10.02"]
[EventType "swiss"]
[EventCountry "IND"]
[SourceTitle "playchess.com"]
[Source "ChessBase"]
[SourceQuality "1"]
[WhiteTeam "Sri Lanka"]
[BlackTeam "China"]
[WhiteTeamCountry "SRI"]
[BlackTeamCountry "CHN"]
[TimeControl "40/5400+30:1800+30"]

1. d4 {[%emt 0:00:00]} f5 {[%emt 0:00:00]} 2. Nc3 {[%emt 0:00:00]} Nf6 {[%emt 0:00:50]} 3. Bg5 {[%emt 0:00:07]} d5 {[%emt 0:05:17]} 4. Bxf6 {[%emt 0:00:29]} exf6 {[%emt 0:00:11]} 5. e3 {[%emt 0:00:16]} Be6 {[%emt 0:10:04]} 6. Bd3 {[%emt 0:00:33]} c6 {[%emt 0:09:25]} 7. Qf3 {[%emt 0:00:25]} Qd7 {[%emt 0:03:02]} 8. Nge2 {[%emt 0:01:27]} Bd6 {[%emt 0:04:55]} 9. Nf4 {[%emt 0:05:11]} Bf7 {[%emt 0:12:39]} 10. h3 {[%emt 0:07:38]} h5 {[%emt 0:05:36]} 11. h4 {[%emt 0:15:59]} g6 {[%emt 0:02:01]} 12. Qe2 {[%emt 0:23:58]} Qe7 {[%emt 0:04:41]} 13. g3 {[%emt 0:07:52]} Nd7 {[%emt 0:00:57]} 14. Na4 {[%emt 0:01:30]} Bc7 {[%emt 0:06:27]} 15. a3 {[%emt 0:02:48]} a5 {[%emt 0:11:13]} 16. c4 {[%emt 0:16:40]} Bxf4 {[%emt 0:04:24]} 17. gxf4 {[%emt 0:00:38]} dxc4 {[%emt 0:00:09]} 18. Bxc4 {[%emt 0:00:24]} Bxc4 {[%emt 0:00:45]} 19. Qxc4 {[%emt 0:00:04]} Qe4 {[%emt 0:00:13]} 20. Ke2 {[%emt 0:00:25]} b5 {[%emt 0:11:10]} 21. f3 {[%emt 0:00:24]} bxc4 {[%emt 0:01:46]} 22. fxe4 {[%emt 0:00:07]} fxe4 {[%emt 0:00:16]} 23. Rhc1 {[%emt 0:03:16]} Rb8 {[%emt 0:00:14]} 24. Rxc4 {[%emt 0:00:15]} Nb6 {[%emt 0:00:19]} 25. Nxb6 {[%emt 0:00:36]} Rxb6 {[%emt 0:00:01]} 26. b4 {[%emt 0:00:29]} Kd7 {[%emt 0:04:51]} 27. Kd2 {[%emt 0:02:13]} Ra8 {[%emt 0:00:39]} 28. Kc3 {[%emt 0:00:33]} Kd6 {[%emt 0:01:01]} 29. Kb3 {[%emt 0:02:01]} Rab8 {[%emt 0:00:44]} 30. Rg1 {[%emt 0:00:56]} Rg8 {[%emt 0:00:26]} 31. Rc5 {[%emt 0:00:55]} axb4 {[%emt 0:00:22]} 32. axb4 {[%emt 0:00:05]} Rgb8 {[%emt 0:00:28]} 33. Rc4 {[%emt 0:01:44]} Rg8 {[%emt 0:00:20]} 34. Rc5 {[%emt 0:05:28]} Rgb8 {[%emt 0:00:01]} 35. Rc4 {[%emt 0:00:18]} 1/2-1/2